Русская поэзия. Вып. 3: 8. Хемницер (Запись № 5578563)

Подробности
000 -МАРКЕР
контрольное поле 02054nam2a22003731 4500
001 - ИДЕНТИФИКАТОР ЗАПИСИ
контрольное поле v19\rc\1579725
005 - ИДЕНТИФИКАТОР ВЕРСИИ
контрольное поле 20260406101151.0
035 ## - ДРУГИЕ СИСТЕМНЫЕ НОМЕРА
Идентификатор записи (NLR Aleph) 005228361
100 ## - ДАННЫЕ ОБЩЕЙ ОБРАБОТКИ
Данные общей обработки 20061002d1893 |||y0rusy50 ca
101 0# - ЯЗЫК РЕСУРСА
Язык текста, звукозаписи и т.д. русский
102 ## - СТРАНА ПУБЛИКАЦИИ ИЛИ ПРОИЗВОДСТВА
Страна публикации Российская Федерация
105 ## - ПОЛЕ КОДИРОВАННЫХ ДАННЫХ: ТЕКСТОВЫЕ МАТЕРИАЛЫ, МОНОГРАФИЧЕСКИЕ
Кодированные данные о монографическом текстовом документе c z |||||
200 1# - ЗАГЛАВИЕ И СВЕДЕНИЯ ОБ ОТВЕТСТВЕННОСТИ
Основное заглавие 8. Хемницер
210 ## - ПУБЛИКАЦИЯ, РАСПРОСТРАНЕНИЕ И ДР.
Дата издания, распространения и т.д. 1893
Место издания, распространения и т.д. Б. м.
215 ## - ФИЗИЧЕСКАЯ ХАРАКТЕРИСТИКА
Специфическое обозначение материала и объем [4], 453-602 с.
Другие сведения о физической характеристике портр.
423 #0 - ИЗДАЕТСЯ В ОДНОЙ ОБЛОЖКЕ ВМЕСТЕ С ...
Встроенное поле 1010#$arus
-- 2001#$a9. Херасков
Заглавие 9. Херасков
423 #0 - ИЗДАЕТСЯ В ОДНОЙ ОБЛОЖКЕ ВМЕСТЕ С ...
Встроенное поле 1010#$arus
-- 2001#$a10. Богданович
Заглавие 10. Богданович
461 #0 - УРОВЕНЬ НАБОРА
Встроенное поле 001v19\rc\1579722
-- 2001#$aРусская поэзия$eСобр. произведений рус. поэтов, частью в полн. составе, частью в извлеч., с важнейшими крит.-биогр. ст., библиогр. примеч. и портр.$fИзд. под ред. С.А. Венгерова.$vВып. 3
Системный номер (АБИС) связанной записи 4770278
Место публикации Санкт-Петербург
Дата публикации 1893-1901
Первые сведения об ответственности Изд. под ред. С.А. Венгерова. Вып. 1-7
Имя издателя, распространителя и т.д. тип. И.А. Ефрона
Сведения, относящиеся к заглавию Собр. произведений рус. поэтов, частью в полн. составе, частью в извлеч., с важнейшими крит.-биогр. ст., библиогр. примеч. и портр.
Физическая характеристика 7 т.
Заглавие Русская поэзия
Номер тома Вып. 3
517 0# - ДРУГИЕ ВАРИАНТЫ ЗАГЛАВИЯ
Вариант заглавия Хемницер
517 0# - ДРУГИЕ ВАРИАНТЫ ЗАГЛАВИЯ
Вариант заглавия Херасков
517 0# - ДРУГИЕ ВАРИАНТЫ ЗАГЛАВИЯ
Вариант заглавия Богданович
702 #1 - ИМЯ ЛИЦА - ВТОРИЧНАЯ ОТВЕТСТВЕННОСТЬ
Начальный элемент ввода Хеминцер
Часть имени, кроме начального элемента ввода И.И.
Даты 1745-1784
Расширение инициалов личного имени Иван Иванович
Код отношения Прочие
702 #1 - ИМЯ ЛИЦА - ВТОРИЧНАЯ ОТВЕТСТВЕННОСТЬ
Начальный элемент ввода Херасков
Часть имени, кроме начального элемента ввода М.М.
Даты 1733-1807
Расширение инициалов личного имени Михаил Матвеевич
Код отношения Прочие
702 #1 - ИМЯ ЛИЦА - ВТОРИЧНАЯ ОТВЕТСТВЕННОСТЬ
Код отношения Прочие
Материалы, к которым относится поле rus
Графика поля Кириллица
Начальный элемент ввода Богданович
Часть имени, кроме начального элемента ввода И. Ф.
Даты 1743-1803
Расширение инициалов личного имени Ипполит Федорович
Идентификатор авторитетной/нормативной записи RU\NLR\AUTH\7778862
Системный номер авторитетной/нормативной записи 61790
801 #2 - ИСТОЧНИК ЗАПИСИ
Страна Российская Федерация
Организация NLR
Дата составления 20090727
Источник данных rusmarc
801 #0 - ИСТОЧНИК ЗАПИСИ
Страна Российская Федерация
Организация NLR
Дата составления 20061002
Правила каталогизации psbo
801 #0 - ИСТОЧНИК ЗАПИСИ
Страна Российская Федерация
Организация RuMoRGB
Дата составления 20061002
Источник данных psbo
801 #1 - ИСТОЧНИК ЗАПИСИ
Страна Российская Федерация
Организация ProSoft-M
Дата составления 20061002
Источник данных rusmarc
852 ## - МЕСТОНАХОЖДЕНИЕ И ШИФР ХРАНЕНИЯ
Идентификатор организации NLR
Шифр хранения (Call Number) 18.340а.1.1(3)
852 ## - МЕСТОНАХОЖДЕНИЕ И ШИФР ХРАНЕНИЯ
Идентификатор организации NLR
Шифр хранения (Call Number) 52/705(3)
942 ## - ДОПОЛНИТЕЛЬНЫЕ ЭЛЕМЕНТЫ ЗАПИСИ (АБИС)
Тип экземпляра АБИС Книга
980 ## - КОЛЛЕКЦИЯ
Название коллекции Национальная библиография
Экземпляры
Тип экземпляра Дата поступления Библиотека постоянного хранения Библиотека текущего хранения Место хранения Шифр хранения Штрих-код Статус экземпляра
Книга 26.10.2013 РНБ (Садовая) РНБ (Садовая) Русский книжный фонд -Главное здание, Ленинский читальный зал 18.340а.1.1(3) 5228361-10  
Книга 26.10.2013 РНБ (Садовая) РНБ (Садовая) Русский книжный фонд -Главное здание, Ленинский читальный зал 18.340а.1.1(3)а 5228361-20  
Книга 04.09.2023 РНБ (Садовая) РНБ (Садовая) Русский книжный фонд -Главное здание, Ленинский читальный зал 52/705(3) 5228361-30